Johann Sebastian Bach

Guardado en:
Detalles Bibliográficos
Formato: Libros Sala
Lenguaje:Español
Publicado: Viscontea
Materias:
LEADER 00723nam#a2200265#c#4500
001 UMA-000275
003 UMA
005 20260414 172457
008 260414suuuu#### ##########||||#0#spa#d
041 0 # |a spa 
044 # # |a ag 
082 0 4 |a SEDE CENTRAL 780.9 LOS v.5 
245 0 0 |a Johann Sebastian Bach 
264 # 0 |a Buenos Aires, Argentina  |b Viscontea  |c 1980 
300 # # |a 96 páginas  |b ilustrado  |c 31 x 31 cm 
336 # # |a texto  |b txt  |2 rdacontent 
337 # # |a no mediado  |b n  |2 rdamedia 
338 # # |a volumen  |b nc  |2 rdacarrier 
500 # # |a Colección Los Grandes Músicos 
650 # 0 |a Bellas artes 
650 # 0 |a Música 
650 # 0 |a Historia de la música 
650 # 0 |a Bach 
650 # 0 |a Sede Central 
650 # 0 |a Los grandes músicos